Szczegóły MARC21

Bank jako partner finansowy przedsiębiorstw : (ujęcie praktyczne) : praca zbiorowa /

005 -DATA I CZAS OSTATNIEJ MODYFIKACJI [,]
    • @
    • pole kontrolne
    • 20070315155141.9
020 -Międzynarod. znormalizowany nr książki - ISBN [ , ]
    • a
    • Numer ISBN
    • 839036431X Find
040 -Instytucja sporządzająca opis [ , ]
    • a
    • Instytucja, która sporządziła opis (NP)
    • SZCZ U
    • c
    • Instytucja, która sporządziła rekord (NP)
    • SZCZ U
041 -Język dokumentu [0, ]
    • a
    • Język tekstu (P)
    • polski
    • h
    • Język tekstu oryginalnego i/lub pośredniego (P)
    • polski
942 -Rodzaj dokumentu [ , ]
    • c
    • Rodzaj dokumentu
    • Książka
245 -Strefa tytułu i oznaczenia odpowiedzialności [0, ]
    • a
    • Tytuł
    • Bank jako partner finansowy przedsiębiorstw : Find
    • b
    • Ciąg dalszy tytułu (NP)
    • (ujęcie praktyczne) : praca zbiorowa / Find
    • c
    • Pozostałe elementy strefy tytułu i oznaczenia odpowiedzialności (NP)
    • Pol.Tow.Ekonomiczne w Szczecinie, Bank Inicjatyw Gospodarczych. Oddz.w Szczecinie ; pod red.Stanisława Flejterskiego i Jacka Smolińskiego.
260 -Strefa adresu wydawniczego [ , ]
    • a
    • Miejsce wydania (P)
    • Szczecin :
    • b
    • Nazwa wydawcy (P)
    • PTE
    • c
    • Data wydania (P)
    • 1995.
300 -Strefa opisu fizycznego [ , ]
    • a
    • Określenie formy książki i/lub objętość (NP)
    • 142 s. :
    • b
    • Oznaczenie ilustracji (NP)
    • wykr. :
    • c
    • Format (NP)
    • 24 cm.
080 -Uniwersalna Klasyfikacja Dziesiętna [ , ]
    • a
    • Symbol klasyfikacji
    • 336.71(438)
080 -Uniwersalna Klasyfikacja Dziesiętna [ , ]
    • a
    • Symbol klasyfikacji
    • :658.1(438)
980 -Symbol UKD [ , ]
    • a
    • UKD
    • 336.71:658.1](438)
700 -Hasło dodatkowe - nazwa osobowa [ , ]
    • a
    • Nazwa osobowa (NP)
    • Flejterski Stanisław Find
700 -Hasło dodatkowe - nazwa osobowa [ , ]
    • a
    • Nazwa osobowa (NP)
    • Smoliński Jacek Find
920 -ISBN [ , ]
    • a
    • ISBN
    • 83-903643-1-X Find
Data inwentaryzacji Lokalizacja Status udost. Numer inwentarzowy Sygnatura
2000-08-16T-3T.3032T.3032
2000-08-16T-3T.3033T.3033
2000-08-16T-3T.3034T.3034
2000-08-16T-3T.3035T.3035
2000-08-16T-3T.3036T.3036
2000-08-16T-3T.3037T.3037
2000-08-16T-3T.3038T.3038
2000-08-16T-3T.3039T.3039
2000-08-16T-3T.3040T.3040
2000-08-16T-3T.3041T.3041
2000-08-16T-3T.3042T.3042
2000-08-16T-3T.3043T.3043
2000-08-16T-3T.3044T.3044
2000-08-16T-3T.3045T.3045
2000-08-16T-3T.3046T.3046
2000-08-16T-3T.3047T.3047
2000-08-16T-3T.3048T.3048
2000-08-16T-3T.3049T.3049
2000-08-16T-6T.3031T.3031
2000-08-22T-6T.3050T.3050